000 01171nam a2200349 a 4500
001 60037
003 CO-BoRNBP
005 20251121145249.0
007 ta
008 900803s1989 ck r 00010 spa d
020 _a8478440054
040 _ala
_cla
041 1 _aspa
_heng
082 0 4 _a801
_bC15s
_219 ed.
100 1 _aCalvino, Italo,
_d1923-1985.
_962680
245 1 0 _aSeis propuestas para el próximo Milenio /
_cItalo Calvino ; traducción Aurora Bernárdez.
250 _a1a. edición
300 _a144 p ;
_c21 cm.
336 _2rdacontent
_atexto
_btxt
337 _2rdamedia
_asin mediación
_bn
338 _2rdacarrier
_avolumen
_bnc
500 _aColección Darío Achury Valenzuela.
534 _tSix memos for next millennium.
650 7 _aFilosofía de la literatura.
_2BLAAUTO
_967601
650 7 _aFilosofía de la literatura
_v Ensayos, conferencias, etc..
_2BLAAUTO
_967602
700 1 _aBernárdez, Aurora,
_d1920-2014,
_etr.
_967603
830 0 _aDarío Achury Valenzuela-Colección
_967604
830 0 _aÁlvaro Herrán-Colección
_967605
830 0 _aRodolfo Segovia-Colección
_942685
942 _2ddc
_cBK
949 _an
_bn
999 _c60037
_d60037